QCM Un Dos Tres (série) - Statistiques

Statistiques générales
  • Ce quiz a été pris 128 fois
  • Le résultat moyen est 16 sur 20
Statistiques - réponses
Question Réponse % Correct
Quel est le nom du groupe musical Espagnol issu de la série ? Upa Dance
100%
De quelle origine est Pavel, venu en Espagne en tant qu'immigré ? Cubaine
95%
Quel personnage souffre de boulimie et d'anorexie durant la série ? Marta
91%
Quel personnage de la série a connu un échec cuisant avec son rôle dans la comédie musicale Grease, en dehors de l'école ? Diana
88%
Quel personnage en partance vers Caracas pour rejoindre la troupe de Rafael Amargo se ravise dans l'avion ? Ingrid
86%
Quel personnage devient Secrétaire à l’École de Carmen Arranz ? Paula
86%
Bea est l'ex copine de Roberto. Ensemble, ils ont eu un petit garçon, comment s'appelle t il ? Sergio
86%
Quel personnage de la série n'est pas celui qu'il prétend être ? Horacio
84%
Concernant Gaspar, laquelle de ces affirmations est fausse ? Il a été le professeur titulaire d'arts dramatiques
84%
Qui a joué le cousin Français de Lola ayant eu une brève relation avec Silvia, et a représenté la France à l'Eurovision ? Jonatan Cerrada
84%
Lola a emménagé avec Ingrid et Silvia dans un appartement, suivi par leur nouveau colocataire, lequel est-ce ? Nacho
79%
Quel objet retrouvé permet à Pedro d'être repéré par le fils d'un producteur ? Une cassette vidéo trouvée dans un parc
77%
Avant d'intégrer l'école de Carmen Arranz, dans quelle ville Mariano Cuellar a t il dirigé une école d'arts scéniques avec succès ? Barcelone
72%
Quels professeurs tombent nez à nez avec Pedro lors d'une séance de strip tease, à leur grande surprise ? JJ et Diana
72%
Qui a découvert Jero, et lui a permis d'entrer directement en 2ème année ? Alicia Jauregui
70%
Lors de la saison 3, Silvia s'interrogera sur sa sexualité après avoir été embrassée par quel personnage ? Sonia
70%
Quel danseur a eu une brève relation avec Ingrid au cours des vacances d'été, éclipsée à la rentrée ? Junior
67%
Dans quelle comédie musicale Lola s'engage finalement, laissant Pedro partir seul à Hollywood ? La Belle et la Bête
65%
Avec l'arrivée d'Alicia comme codirectrice, tout est chamboulé. Quel professeur est viré après un test d'aptitude ? Cristina
56%
Laquelle de ces actions Roberto n'a pas effectué ? Roberto a blessé gravement Pedro dans un cours de JJ
44%
Aucun quiz correspondant
Distribution des résultats
% des personnes avec chaque résultat
Percentile par nombre de réponses
Votre historique - résultats
Vous n’avez pas pris ce quiz